000 01060nam a2200277Ia 4500
003 OSt
005 20220923211130.0
006 a|||||r|||| 00| 0
007 ta
008 220922b |||||||| |||| 00| 0 hin d
020 _a8185127700 (pbk)
_c25
024 _a352,857
037 _bGV722, 11/03/2020, Vani Prakashan
_cTextual
040 _aARTS
_cARTS
_bhin
041 _2hin
_ahin
082 _aO152,3N295x, N8
100 _aशिवप्रसाद सिंह, ले.
_9158570
245 0 _aसुनो परीक्षित सुनो
_b कथा संचयन
246 _aSuno parīkṣhit suno: kathā sanchayana
260 _aबीकानेर
_b वाग्देवी प्रकाशन
_c1998
300 _a168पृ.
_ccm.
650 _a हिन्दी साहित्य
_9156264
650 _aहिन्दी कहानी
942 _hO152,3N295x, N8
_cTEXL
_2CC
999 _c295745
_d295745